LIBRARY & INFORMATION CENTRE, KCAET, TAVANUR

ONLINE PUBLIC ACCESS CATALOGUE (OPAC)

Principles of exchange / (Record no. 11423)

MARC details
000 -LEADER
fixed length control field 00418cam a2200181ua 4500
041 ## - LANGUAGE CODE
Language code of text/sound track or separate title eng
082 ## - DEWEY DECIMAL CLASSIFICATION NUMBER
Classification number 332.456
Item number MEH/PR
100 ## - MAIN ENTRY--AUTHOR NAME
Personal name Mehta, J K .
245 ## - TITLE STATEMENT
Title Principles of exchange /
250 ## - EDITION STATEMENT
Edition statement 1 /
260 ## - PUBLICATION, DISTRIBUTION, ETC. (IMPRINT)
Place of publication New Delhi :
Name of publisher S.Chand and Co ,
Year of publication 1949.
300 ## - PHYSICAL DESCRIPTION
Number of Pages 80 ; .
942 ## - ADDED ENTRY ELEMENTS (KOHA)
Koha item type Books
Holdings
Withdrawn status Lost status Damaged status Home library Current library Date acquired Cost, normal purchase price Full call number Accession Number Koha item type Public note
Withdrawn     KAUAET Malayalam University 07/04/2012 1.25 332.456 7541 Books Transferred to Malayalam University
free website counter